| Tag |
First Indicator |
Second Indicator |
Subfields |
| LEADER |
00000cam a22000001i 4500 |
| 001 |
in00004119084 |
| 005 |
20200117090842.0 |
| 006 |
m d f |
| 007 |
cr bn mmmapmmp |
| 008 |
091109s1979 dcu o f000 0 eng d |
| 035 |
|
|
|a cis2007528725
|
| 040 |
|
|
|a UMI
|b eng
|e rda
|c UMI
|d UtOrBLW
|
| 110 |
1 |
|
|a United States.
|b Congress.
|b Senate.
|b Committee on Finance,
|e issuing body.
|0 http://id.loc.gov/authorities/names/n78088975
|
| 245 |
1 |
0 |
|a Consideration of Catastrophic Health Insurance.
|
| 264 |
|
1 |
|a [Washington :
|b U.S. G.P.O.],
|c 1979.
|
| 300 |
|
|
|a 108 pages, digital, PDF file.
|
| 336 |
|
|
|a text
|2 rdacontent
|b txt
|
| 337 |
|
|
|a computer
|b c
|2 rdamedia
|
| 338 |
|
|
|a online resource
|2 rdacarrier
|b cr
|
| 500 |
|
|
|a Record is based on bibliographic data in ProQuest Congressional Hearings Digital Collection (last viewed July 2018) Reuse except for individual research requires license from ProQuest, LLC.
|
| 520 |
|
|
|a Executive Session.
|
| 538 |
|
|
|a System requirements: PDF reader software.
|
| 500 |
|
|
|a Electronic resource.
|
| 610 |
2 |
0 |
|a Blue Cross.
|0 http://id.loc.gov/authorities/names/nb2007005240
|
| 650 |
|
0 |
|a Health insurance.
|0 http://id.loc.gov/authorities/subjects/sh85066932
|
| 650 |
|
0 |
|a Small business.
|0 http://id.loc.gov/authorities/subjects/sh85123568
|
| 776 |
0 |
8 |
|a United States. Congress. Senate. Committee on Finance
|t Consideration of Catastrophic Health Insurance
|o 96 SF-T.11
|
| 730 |
0 |
|
|a ProQuest U.S. Congressional Hearings Digital Collection.
|
| 856 |
4 |
0 |
|u http://proxy.library.tamu.edu/login?url=http://congressional.proquest.com/congcomp/getdoc?HEARING-ID=HRG-1979-FNS-0068
|y Electronic resource (PDF)
|t 0
|
| 999 |
f |
f |
|s 4c6fac8b-90f8-3dbe-848c-175dd9c29ec8
|i c82f42e3-1112-3e7f-9894-1f056af3092f
|t 0
|
| 952 |
f |
f |
|a Texas A&M University
|b College Station
|c Electronic Resources
|d Available Online
|t 0
|h No information provided
|
| 998 |
f |
f |
|t 0
|l Available Online
|